[Event "HUN-chT2 Erkel 1819"]
[Site "Hungary"]
[Date "2019.02.10"]
[Round "5.9"]
[White "Tihanyi, Norbert"]
[Black "Medve, Mark"]
[Result "1/2-1/2"]
[WhiteElo "2021"]
[BlackElo "2074"]
[PlyCount "50"]
[EventDate "2018.10.28"]
[EventType "team-tourn"]
[EventRounds "9"]
[EventCountry "HUN"]
[SourceTitle "EXT 2021"]
[Source "ChessBase"]
[SourceDate "2020.10.23"]
[SourceVersion "1"]
[SourceVersionDate "2020.10.23"]
[SourceQuality "1"]
[WhiteTeam "Sarkany DSE"]
[BlackTeam "Budapest EAC"]
[WhiteTeamCountry "HUN"]
[BlackTeamCountry "HUN"]

1. e4 c5 2. Nf3 d6 3. d4 cxd4 4. Nxd4 Nf6 5. Nc3 g6 6. Be2 Bg7 7. Be3 0-0 8. 0-0 Nc6 9. Qd2 Bd7 10. Rad1 Rc8 11. Nxc6 bxc6 12. h3 c5 13. f4 Bc6 14. Bf3 Qb6 15. a4 Qb7 16. e5 dxe5 17. Bxc6 Qxc6 18. fxe5 Ne4 19. Nxe4 Qxe4 20. Rfe1 Qxe5 21. b3 e6 22. Qa5 Qc3 23. Qxc3 Bxc3 24. Rf1 Rfd8 25. Rxd8+ Rxd8 1/2-1/2

[Event "Budapest-chT1 Lilienthal 1314"]
[Site "Budapest"]
[Date "2014.02.09"]
[Round "7"]
[White "Wanger, Tamas"]
[Black "Tihanyi, Norbert"]
[Result "1-0"]
[WhiteElo "1959"]
[BlackElo "2055"]
[PlyCount "57"]
[EventDate "2013.09.29"]
[EventType "team-tourn"]
[EventRounds "11"]
[EventCountry "HUN"]
[SourceTitle "EXT 2021"]
[Source "ChessBase"]
[SourceDate "2020.10.23"]
[SourceVersion "1"]
[SourceVersionDate "2020.10.23"]
[SourceQuality "1"]
[WhiteTeam "Budapest EAC III"]
[BlackTeam "Rakosliget"]
[WhiteTeamCountry "HUN"]
[BlackTeamCountry "HUN"]

1. d4 Nf6 2. c4 g6 3. Nc3 d5 4. cxd5 Nxd5 5. e4 Nxc3 6. bxc3 Bg7 7. Bc4 c5 8. Ne2 0-0 9. 0-0 cxd4 10. cxd4 Nc6 11. Be3 e6 12. Rc1 Na5 13. Bd3 f5 14. Bf4 b6 15. d5 exd5 16. exd5 Bb7 17. d6 Kh8 18. Rc7 g5 19. Rxg7 Kxg7 20. Be5+ Kg8 21. Nd4 Re8 22. Qe2 Be4 23. Bc4+ Nxc4 24. Qxc4+ Kf8 25. Ne6+ Rxe6 26. Qxe6 Rc8 27. Bf6 Qe8 28. Be7+ Kg7 29. d7 1-0

[Event "Budapest-chT1 Lilienthal 1314"]
[Site "Budapest"]
[Date "2013.11.24"]
[Round "4"]
[White "Miskolczi, Tamas"]
[Black "Tihanyi, Norbert"]
[Result "1/2-1/2"]
[WhiteElo "1959"]
[BlackElo "2055"]
[PlyCount "76"]
[EventDate "2013.09.29"]
[EventType "team-tourn"]
[EventRounds "11"]
[EventCountry "HUN"]
[SourceTitle "EXT 2021"]
[Source "ChessBase"]
[SourceDate "2020.10.23"]
[SourceVersion "1"]
[SourceVersionDate "2020.10.23"]
[SourceQuality "1"]
[WhiteTeam "Budapest Vasas II"]
[BlackTeam "Rakosliget"]
[WhiteTeamCountry "HUN"]
[BlackTeamCountry "HUN"]

1. e4 c5 2. g3 g6 3. Bg2 Bg7 4. Ne2 e6 5. 0-0 Ne7 6. d3 0-0 7. c3 d5 8. Qb3 Qb6 9. Be3 Qxb3 10. axb3 Nd7 11. f4 f5 12. e5 Nc6 13. Nd2 Bh6 14. d4 cxd4 15. Nxd4 Nxd4 16. Bxd4 Rd8 17. c4 dxc4 18. Nxc4 Bf8 19. Rfd1 Nc5 20. Bxc5 Bxc5+ 21. Kh1 Bd7 22. Nd6 Bc6 23. Nxb7 Bxb7 24. Bxb7 Rab8 25. Ba6 Rxd1+ 26. Rxd1 Rxb3 27. Bc4 Rb6 28. b3 a5 29. h3 Kg7 30. Rd7+ Kh6 31. h4 Rc6 32. Kg2 Bb4 33. Rb7 Bc3 34. Ra7 Bb4 35. Kh3 Rb6 36. g4 fxg4+ 37. Kxg4 Rc6 38. Ra8 Kg7 1/2-1/2